| 000 | 00670nam a2200169Ia 4500 | ||
|---|---|---|---|
| 008 | 090201s9999 xx 000 0 und d | ||
| 010 | _aKPL-43160 | ||
| 040 | _bमराठी | ||
| 041 | _aमराठी | ||
| 082 |
_a25478 _b43160 |
||
| 100 | _aसदाशिव आठवले | ||
| 245 |
_aरामशास्त्री प्रभुणे चरित्र व पत्रे _cसदाशिव आठवले |
||
| 260 |
_c2004 _bश्रीविद्या प्रकाशन |
||
| 300 |
_a167 _bमोठा |
||
| 600 | _aरामशास्त्री प्रभुणे चरित्र व पत्रे | ||
| 942 | _cBOOK | ||
| 999 |
_c224691 _d224691 |
||